000 00444nam a22001817a 4500
003 koha_MIRAKIL
005 20231213095438.0
008 231213b |||||||| |||| 00| 0 ||| d
020 _b9-75220117-2
040 _aTR-IsEVY
_btur
_cTR-IsEVY
082 _a810 ŞEN/E
100 _aŞENSOY, FERHAN.
245 0 _aEŞEĞİN FİKRİ.
260 _bBİLGİ YAYINEVİ,
_c2007
300 _a159.
650 _aTürk Edebiyatı.
942 _2ddc
_cBK
999 _c3767
_d3767